Annual Review of Microbiology: The Morphology and cytology of Bacteria volumen. 5
| Main Author: | |
|---|---|
| Format: | Section = Libro |
| Language: | Undetermined Spanish |
| Published: |
United Stated
Annual Reviews. INC
1951
|
| Subjects: |
| LEADER | 00606nam a2200193Ia 4500 | ||
|---|---|---|---|
| 008 | 240830s9999 xx 000 0 und d | ||
| 040 | |a CEDOC FIQ-RUSB / 570 A615 | ||
| 041 | |a spa | ||
| 082 | |a 570 A615 | ||
| 100 | 1 | |a Annual Review of Microbiology | |
| 245 | 1 | 0 | |a Annual Review of Microbiology: The Morphology and cytology of Bacteria volumen. 5 |
| 260 | |a United Stated |b Annual Reviews. INC |c 1951 | ||
| 300 | |a 379 p.: il. | ||
| 650 | 7 | |a CIENCIAS BIOLÓGICAS | |
| 650 | 7 | |b LA CITOLOGÍA DE LOS HONGOS | |
| 650 | 7 | |c NUTRICIÓN Y METABOLISMO DE LOS PROTOZOO | |
| 942 | |c BK |2 ddc | ||
| 991 | |a TEXTO | ||
| 999 | |c 27107 | ||